LEADER 01277nam a2200241 4500 001 000000335648 003 CaOOAMICUS 005 20231010144443.0 008 190730s1764 fr a 000 u fre r 026 $a.7.6 e;re G,he daqu (3) 1764 (R) 040 $aSeMil$bita 100 11$aNollet, Jean Antoine,$d<1700-1770>.$0(OLS)http://semarc/name/110021 245 00$aTome second. 264 1$aA Paris :$bChez Hyppolyte-Louis Guerin, & Louis-François Delatour, rue S. Jacques, à S. Thomas d'Aquin,$c1764. 300 $aIV, 488, [4] p., 20 carte di tav. ripieg.$bill. ;$c12° 500 $aSegn.: A? B-2S8/? 2T² 752 $aIT$dParigi 773 0 $aNollet, Jean Antoine <1700-1770>$tLeçons de physique expérimentale. Par m. l'abbé Nollet ... Tome 1. [-6.].$dA Paris : Chez Hyppolyte-Louis Guerin, & Louis-François Delatour, rue S. Jacques, à S. Thomas d'Aquin, 1764.$bSixieme édition$w()335646 850 $aSeMil 852 $aSeMil$W1$xVenegono$y1$m3XA III 3 FA$j214987$B227537$CSeMilBibl$Z2$F227537 $8I 996 $6245$aTome second$9(OLS)http://semarc/title/137745 996 $6264$aA Paris :$bChez Hyppolyte-Louis Guerin, & Louis-François Delatour, rue S. Jacques, à S. Thomas d'Aquin$9(OLS)http://semarc/publisher/58421 LEADER 01232nam a2200265 4500 001 000000360230 003 CaOOAMICUS 005 20241010124221.0 008 241010s1968 gw 000 u ger r 040 $aSeMil$bita 100 1 $aKörner, Stephan,$d<1913-2000>.$0(OLS)http://semarc/name/26157 240 14$aThe philosophy of mathematics.$0(OLS)http://semarc/title/450701 245 10$aPhilosophie der Mathematik :$beine Einführung /$cStephan Körner ; [aus dem Englischen von Karl Remmen]. 264 1$aMünchen :$bNymphenburger Verlagshandlung,$c1968. 300 $a242 p. ;$c21 cm 490 1 $aSammlung Dialog ;$v26 650 4$aFilosofia della matematica.$0(OLS)http://semarc/subject/39511 700 1 $aRemmen, Karl,$d<1935- >.$0(OLS)http://semarc/name/120655 830 0$aSammlung Dialog ;$v26.$0(OLS)http://semarc/title/450700 850 $aSeMil 852 $aSeMil$W1$xVenegono$y1$m2P VII 509$j251519$B251257$CSeMilBibl$Z2$F251257 $81 961 $aBuzzi mons. Franco - Omaggio 996 $6245$aPhilosophie der Mathematik :$beine Einführung$9(OLS)http://semarc/title/450699 996 $6264$aMünchen :$bNymphenburger Verlagshandlung$9(OLS)http://semarc/publisher/34521